LEADER 01051nam a2200241 i 4500 001 000000250004 003 CaOOAMICUS 005 20160708000000.0 008 160708s1853 it u000 u ita u 013 $a228909 040 $aSeMil$bita 100 1 $aLa Croix de Ravignan, Gustave-Xavier : de,$c.$0(OLS)http://semarc/name/80616 245 10$aAlcune conferenze tenute /$cdal padre Giulio Adriano Ravignan ; prima versione italiana per cura di Antonio Lissoni. 260 $aNapoli :$bA spese della Società Editrice,$c1853. 300 $a71 p. ;$c21 cm. 500 $aLascito Card. C.M. Martini. - Legato con 2A-III-75 FA. 700 1 $aLissoni, Antonio.$0(OLS)http://semarc/name/8370 850 $aSeMil 852 $aSeMil$W1$xVenegono$y1$m2A III 76 FA$j200350$B200350$CSeMilBibl$Z2$F212179 $8I 941 1 $a4 961 $aLascito: Martini Card. Carlo Maria 996 $6245$aAlcune conferenze tenute$9(OLS)http://semarc/title/352180 996 $6260$aNapoli :$bA spese della Società Editrice$9(OLS)http://semarc/publisher/34411 LEADER 01513nam a2200241 4500 001 000000339116 003 CaOOAMICUS 005 20200130150402.0 008 200130s1791 fr a 000 u fre r 026 $ar;st enl- esen co&l (3) 1791 (R) 040 $aSeMil$bita 245 00$a8: Lim-mor. 264 1$aA Lyon :$bChez Bruyset frères,$c1791. 300 $a[4], 632 p. ;$c8° 500 $aSegn.: pg2 A-2Q8 2R4 700 11$aValmont de Bomare, Jacques Christophe,$d<1731-1807>.$0(OLS)http://semarc/name/110848 773 0 $aValmont de Bomare, Jacques Christophe, <1731-1807>$tDictionnaire raisonné universel d'histoire naturelle, contenant l'histoire des animaux, des végétaux et des minéraux, et celle des corps célestes, des météores, et des autres principaux phénomenes de la nature ; avec l'histoire des trois regnes, et le détail des usages de leurs production dans la Médecine, dans l'Economie domestique et champêtre, et dans les Arts et métiers. Et une table concordante des noms latins, etc. et le renvoi aux objets mentionnés dans cet ouvrage ... Tome 1. [-15.].$dA Lyon : Chez Bruyset frères, 1791.$bQuatrième édition, revue et considérablement augmentée par l'auteur.$g8$w()339106 850 $aSeMil 852 $aSeMil$W1$xVenegono$y1$m3XB I 8 FA$j218266$B230251$CSeMilBibl$Z2$F230251 $8I 941 1 $a10 996 $6245$a8: Lim-mor$9(OLS)http://semarc/title/427932 996 $6264$aA Lyon :$bChez Bruyset frères$9(OLS)http://semarc/publisher/33253